书目信息 |
| 题名: |
竹炭及竹醋液用作猪粪堆肥化添加材料研究
|
|
| 作者: | 黄向东 著 | |
| 分册: | ||
| 出版信息: | 武汉 武汉理工大学出版社 2017.09 |
|
| 页数: | 133页 | |
| 开本: | 24cm | |
| 丛书名: | 新材料科学与技术丛书 | |
| 单 册: | ||
| 中图分类: | S141.1 | |
| 科图分类: | ||
| 主题词: | 畜粪--堆肥--研究 | |
| 电子资源: | ||
| ISBN: | 978-7-5629-5528-3 | |
| 000 | 01156oam2 2200253 450 | |
| 001 | 959 | |
| 005 | 20180927083334.43 | |
| 010 | @a978-7-5629-5528-3@dCNY50.00 | |
| 100 | @a20180412d2017 em y0chiy50 ea | |
| 101 | 0 | @achi |
| 102 | @aCN@b420000 | |
| 105 | @aa z 000yy | |
| 200 | 1 | @a竹炭及竹醋液用作猪粪堆肥化添加材料研究@9zhu tan ji zhu cu ye yong zuo zhu fen dui fei hua tian jia cai liao yan jiu@f黄向东著 |
| 210 | @a武汉@c武汉理工大学出版社@d2017.09 | |
| 215 | @a133页@c图@d24cm | |
| 225 | 2 | @a新材料科学与技术丛书 |
| 300 | @a湖北省学术著作出版专项资金资助项目 | |
| 330 | @a本书主要内容包括:在综述我国规模化生猪养殖业污染现状及治理技术的基础上,针对传统猪粪堆肥过程存在的升温启动慢、脱水效率低、氮素损失严重、重金属钝化效果差等问题,以规模化养猪场猪粪为堆肥原料,系统研究了竹炭和竹醋液添加对猪粪堆肥化过程快速升温、脱水、氮素损失控制、磷素活性调节和重金属钝化效果的影响,并通过温室盆栽试验研究了添加竹炭及竹醋液对堆肥产品品质的影响。 | |
| 461 | 0 | @12001 @a新材料科学与技术丛书 |
| 606 | 0 | @a畜粪@x堆肥@x研究 |
| 690 | @aS141.1@v5 | |
| 701 | 0 | @a黄向东@9huang xiang dong@4著 |
| 801 | 0 | @aCN@b91MARC@c20180412 |
| 905 | @aMuseLib@dS141.1@e93 | |
| 竹炭及竹醋液用作猪粪堆肥化添加材料研究/黄向东著.-武汉:武汉理工大学出版社,2017.09 |
| 133页:图;24cm.-(新材料科学与技术丛书) |
| 湖北省学术著作出版专项资金资助项目 |
| ISBN 978-7-5629-5528-3:CNY50.00 |
| 本书主要内容包括:在综述我国规模化生猪养殖业污染现状及治理技术的基础上,针对传统猪粪堆肥过程存在的升温启动慢、脱水效率低、氮素损失严重、重金属钝化效果差等问题,以规模化养猪场猪粪为堆肥原料,系统研究了竹炭和竹醋液添加对猪粪堆肥化过程快速升温、脱水、氮素损失控制、磷素活性调节和重金属钝化效果的影响,并通过温室盆栽试验研究了添加竹炭及竹醋液对堆肥产品品质的影响。 |
| ● |
| 相关链接 |
|
|
|
|
正题名:竹炭及竹醋液用作猪粪堆肥化添加材料研究
索取号:S141.1/93
 
预约/预借
| 序号 | 登录号 | 条形码 | 馆藏地/架位号 | 状态 | 备注 |
| 1 | 1120484 | 211204846 | 第二样本阅览室/ [索取号:S141.1/93] | 在馆 | |
| 2 | 1120485 | 211204855 | 第三借阅区/ [索取号:S141.1/93] | 在馆 | |
| 3 | 1120486 | 211204864 | 第三借阅区/ [索取号:S141.1/93] | 在馆 | |
| 4 | 1120487 | 211204873 | 第三借阅区/ [索取号:S141.1/93] | 在馆 | |
| 5 | 1120488 | 211204882 | 密集书库-生命科学系/ [索取号:S141.1/93] | 在馆 |